000 00734nam a2200241 i 4500
001 C2-0118135
003 PPAK
005 20180727111031.0
008 970729s1985 my a|||| ||||| | eng d
040 _aPPAK
_beng
_cPPAK
_erda
082 0 4 _a915.95112
_223
090 0 0 _a915.95112
_bPRE
_dKK
100 0 _aPremila Mohanlal,
_eauthor
245 1 0 _aLangkawi :
_bwinning the reluctant visitor
264 1 _a[Kuala Lumpur] :
_b[Malaysia Airlines] ,
_c1985
300 _a[3 pages] :
_billustrations ;
_c30 cm
336 _2rdacontent
_atext
337 _2rdamedia
_aunmediated
338 _2rdacarrier
_avolume
500 _aFrom Wings of Gold, Mac 1985, Vol. II, no. 3
650 1 0 _aKedah - Description and travel
942 _ddc
_cB
999 _c32023
_d32023